000 00538nam a22001817a 4500
005 20260422095404.0
008 250718b |||||||| |||| 00| 0 eng d
020 _a978-1-305-63200-4
050 _aHD 30.213 .B 53 2016
100 _aBIDGOLI, HOSSEIN
245 _aBIDGOLI MIS6: MANAGEMENT INFORMATION SYSTEMS
250 _a6
260 _a BOSTON,
_bCENGAGE LEARNING,
_c2016,
300 _aX, 342 P.: ILL
500 _aINCLUDES BIBLIOGRAPHICAL REFERENCES AND INDEX
650 _aManagement information systems
942 _2lcc
_cBK
999 _c215936
_d215936